| 000 | 00566nam a2200157Ia 4500 | ||
|---|---|---|---|
| 008 | 220216s9999 xx 000 0 und d | ||
| 100 | _aDharmakeerthi RS | ||
| 245 | 0 | _aBiochar: Benefits aplenty to rubber planters and workers | |
| 260 |
_bRubber Asia _c2013 |
||
| 300 | _a66-71 | ||
| 520 | _aBiochar technology can be considered as a black magic that improves the productivity in rubber lands and livelihood of the people, while protecting the rubber growing environments. | ||
| 650 | _aBiochar | ||
| 650 | _aRubber planters | ||
| 650 | _aWorkers | ||
| 942 | _cJS | ||
| 999 |
_c54730 _d54730 |
||